00366pab a2200133 454500008004000000100002200040245005600062260000900118300001300127362000800140650002600148650001700174773004100191180718b2001 xxu||||| |||| 00| 0 eng d aMingardi, Guaracy aMoney and the international drug trade in Sao Paulo c2001 ap.379-86 aSep aDrug traffic - Brazil aDrug traffic aInternational Social Science Journal